Macbeth/ (Record no. 13936)

MARC details
000 -BAŞLIK
Sabit Uzunlukta Kontrol Alanı 00682nam a22002177a 4500
999 ## - SİSTEM KONTROL NUMARALARI (KOHA)
Koha Biblionumber 13936
Koha Biblioitemnumber 13936
003 - KONTROL NUMARASI IDENTIFIER
Denetim Alanı MIRAKIL
005 - SON İŞLEM TARİHİ VE ZAMANI
Denetim Alanı 20200821155736.0
008 - SABİT-BOY VERİ ELEMANLARI - GENEL BİLGİLER
Sabit Uzunlukta Kontrol Alanı 200821b tu ||||| |||| 00| 0 tur d
020 ## - ULUSLARARASI STANDART KİTAP NUMARASI
Uluslararası Standart Kitap Numarası 9789944784090
040 ## - KATALOGLAMA KAYNAK
Orijinal Kataloglama Ajansı TR-AnCHP
Metne Dönüştürmek Ajansı TR-AnCHP
041 ## - DİL KODU
Metin / Ses Parça Veya Ayrı Başlığın Dil Kodu tur
082 ## - DEWEY ONLU SINIFLANDIRMA NUMARASI
Sınıflandırma Numarası 822.33
Ürün Numarası S32m 2007
100 1# - ANA GİRİŞ - KİŞİSEL İSİM
Kişisel Ad Shakespeare, William
Bir Adıyla İlişkilendirilen Tarihler 1564-1616
245 10 - BAŞLIK TABLOSU
Başlık Macbeth/
Sorumluluk Tablosu, Vb Shakespeare ; Türkçesi: Ümmühan Yapar
260 ## - YAYIN, DAĞITIM, VB
Yayın, Dağıtım, Vb Yeri İstanbul:
Yayıncı, Dağıtıcı, Vs Adı Antik Dünya Klasikleri,
Yayın, Dağıtım, Vb Tarihi 2007.
300 ## - FİZİKSEL TANIM
Kapsam 109 s.:
Boyutlar 19 sm.
490 0# - SERİSİ TABLOSU
Seri Beyanı Antik Dünya Klasikleri ;
-- Batı Klasikleri Dizisi ;
Hacim / Ardışık Tanımı 27.
-- 19.
650 #0 - KONU KATMA GİRİŞ - TOPİKAL DÖNEM
9 (RLIN) 5124
Topikal Süreli Veya Coğrafi Ad Giriş Elemanı İngiliz edebiyatı
Genel Alt Bölümü Tiyatro
700 ## - KATMA GİRİŞ - KİŞİSEL İSİM
9 (RLIN) 6432
Kişisel Ad Yapar, Ümmühan
942 ## - EKLENDİ GİRİŞ ELEMANLARI (KOHA)
Sınıflandırma Veya Raf Düzeni Kaynak Dewey Decimal Classification
Koha Öğesi Türü Books
Holdings
Kalıcı Konum Mevcut Konum Edinme Tarihi Toplam Check-Out'Lar Tam Çağrı Numarası Barkod Tarih Son Görülme İtibaren Geçerli Fiyatlar Sigara Kamu Notu Koha Öğesi Türü
CHP Kütüphanesi CHP Kütüphanesi 08/21/2020   822.33 S32m 2007 019415 08/21/2020 08/21/2020 Emine Başak Alkan Bağışıdır. Books